00689nam a22001937a 450000500170000001000150001702000260003203500140005803700130007208200140008510000230009924500530012226000390017527000740021430000200028894200280030899900190033695201400035520170519141226.0 aENG-118263 a9788172132897c595.00 aEN-101795 bDBAD/PUB a330.95451 aHazarika, Prafulla aEconomic issues of aasam /cby Prafulla Hazarika aGuwahatibPurbanchal Prakashc2016 aH.No.-2, Sewjee Path, Dr. B.N. Saikia Path, Wireless, Guwahati-781006 a190pc23cm.(Hb) 2ddccENh330.95451mHAZ c140138d140138 001040718NFICaDBADbDBADd2017-05-19eDBAD/PUBg595.00l0o330.95451 HAZpEN-101795r2017-05-19 00:00:00t1v595.00w2017-05-19yEN